Самые красивые поделки из бумаги (Запись № 910514)

Подробности
000 -МАРКЕР
контрольное поле 02219nam0a2200397 4500
001 - ИДЕНТИФИКАТОР ЗАПИСИ
контрольное поле RU\NLR\bibl\1657837
005 - ИДЕНТИФИКАТОР ВЕРСИИ
контрольное поле 20260406105801.0
010 ## - МЕЖДУНАРОДНЫЙ СТАНДАРТНЫЙ НОМЕР КНИГИ (ISBN)
Номер (ISBN) 978-5-9567-1039-5
Тираж 4000
021 ## - НОМЕР ГОСУДАРСТВЕННОЙ РЕГИСТРАЦИИ
Код страны Российская Федерация
Номер 2010-45875
Номер Листа государственной регистраци 3055
035 ## - ДРУГИЕ СИСТЕМНЫЕ НОМЕРА
Идентификатор записи (NLR Aleph) 001649135
100 ## - ДАННЫЕ ОБЩЕЙ ОБРАБОТКИ
Данные общей обработки 20100723d2010 |||y0rusy50 ca
101 0# - ЯЗЫК РЕСУРСА
Язык текста, звукозаписи и т.д. русский
102 ## - СТРАНА ПУБЛИКАЦИИ ИЛИ ПРОИЗВОДСТВА
Страна публикации Российская Федерация
105 ## - ПОЛЕ КОДИРОВАННЫХ ДАННЫХ: ТЕКСТОВЫЕ МАТЕРИАЛЫ, МОНОГРАФИЧЕСКИЕ
Кодированные данные о монографическом текстовом документе a |||||||||
200 1# - ЗАГЛАВИЕ И СВЕДЕНИЯ ОБ ОТВЕТСТВЕННОСТИ
Основное заглавие Самые красивые поделки из бумаги
Первые сведения об ответственности Е. Каминская
210 ## - ПУБЛИКАЦИЯ, РАСПРОСТРАНЕНИЕ И ДР.
Место издания, распространения и т.д. Ростов-на-Дону
Имя издателя, распространителя и т. д. Владис
Дата издания, распространения и т.д. 2010
215 ## - ФИЗИЧЕСКАЯ ХАРАКТЕРИСТИКА
Специфическое обозначение материала и объем 401, 399 с. встреч. паг.
Другие сведения о физической характеристике ил.
Размеры 15
225 1# - СЕРИЯ
Основное заглавие серии Серия "Удобная библиотека 2 в 1 (перевертыш)"
225 1# - СЕРИЯ
Основное заглавие серии 2 в 1
300 ## - ОБЩИЕ ПРИМЕЧАНИЯ
Текст примечания На обл. обеих кн. авт. не указаны
309 ## - ПРИМЕЧАНИЯ ОБ ОСНОВНОМ ИСТОЧНИКЕ ИНФОРМАЦИИ И ОБ ОСОБЕННОСТЯХ ПОЛИГРАФИЧЕСКОГО ОФОРМЛЕНИЯ ИЗДАНИЯ
Текст примечания Кн.-перевертыш
309 ## - ПРИМЕЧАНИЯ ОБ ОСНОВНОМ ИСТОЧНИКЕ ИНФОРМАЦИИ И ОБ ОСОБЕННОСТЯХ ПОЛИГРАФИЧЕСКОГО ОФОРМЛЕНИЯ ИЗДАНИЯ
Текст примечания Данное изд. выходит в двух разных вариантах полигр. оформления. 1-е произведение "Поделки из бумаги для начинающих" и "Самые красивые поделки из бумаги"; 2-е произведение "Оригами для начинающих" и "Оригами для детей и взрослых"
423 #0 - ИЗДАЕТСЯ В ОДНОЙ ОБЛОЖКЕ ВМЕСТЕ С ...
Встроенное поле 2001#$aОригами для детей и взрослых$fА. Гарматин
-- 210##$aРостов-на-Дону$d2010
-- 215##$aС. 1-399
-- 700#1$aГарматин$bА. А.$gАлексей Алексеевич$4070
Заглавие Оригами для детей и взрослых
Автор Гарматин, Алексей Алексеевич
517 0# - ДРУГИЕ ВАРИАНТЫ ЗАГЛАВИЯ
Вариант заглавия Поделки из бумаги
517 0# - ДРУГИЕ ВАРИАНТЫ ЗАГЛАВИЯ
Вариант заглавия Оригами для начинающих
606 1# - НАИМЕНОВАНИЕ ТЕМЫ КАК ПРЕДМЕТ
Наименование темы Поделки из бумаги
Системный номер авторитетной/нормативной записи 2229082
Идентификатор авторитетной/нормативной записи RU\NLR\auth\661338008
606 1# - НАИМЕНОВАНИЕ ТЕМЫ КАК ПРЕДМЕТ
Наименование темы Оригами
Системный номер авторитетной/нормативной записи 1856321
Идентификатор авторитетной/нормативной записи RU\NLR\auth\66841570
686 ## - ИНДЕКСЫ ДРУГИХ КЛАССИФИКАЦИЙ
Индекс М78
686 ## - ИНДЕКСЫ ДРУГИХ КЛАССИФИКАЦИЙ
Индекс Ч711.259
700 #1 - ИМЯ ЛИЦА - ПЕРВИЧНАЯ ОТВЕТСТВЕННОСТЬ
Код отношения Автор
Материалы, к которым относится поле rus
Графика поля Кириллица
Начальный элемент ввода Каминская
Часть имени, кроме начального элемента ввода Е. А.
Дополнения к именам, кроме дат популяризатор
Расширение инициалов личного имени Елена Анатольевна
Идентификатор авторитетной/нормативной записи RU\NLR\auth\77103371
Системный номер авторитетной/нормативной записи 86297
801 #0 - ИСТОЧНИК ЗАПИСИ
Страна Российская Федерация
Организация NLR
Дата составления 20100723
Правила каталогизации RCR
801 #1 - ИСТОЧНИК ЗАПИСИ
Страна Российская Федерация
Организация NLR
Дата составления 20100723
942 ## - ДОПОЛНИТЕЛЬНЫЕ ЭЛЕМЕНТЫ ЗАПИСИ (АБИС)
Тип экземпляра АБИС Книга
980 ## - КОЛЛЕКЦИЯ
Название коллекции Национальная библиография
Экземпляры
Тип экземпляра Дата поступления Источник поступления Библиотека постоянного хранения Библиотека текущего хранения Место хранения Шифр хранения Штрих-код Статус экземпляра
Книга 23.07.2010 Обязательный экземпляр РНБ (Московский) РНБ (Московский) Русский книжный фонд: издания с 1957 года 2010-1/538 1-3232689  
Книга 23.07.2010 Обязательный экземпляр РНБ (Московский) РНБ (Московский) Русский книжный фонд: издания с 1957 года 2010-1/538 3218264